|
ห้องสมุด วิทยาลัยพยาบาลบรมราชชนนี อุดรธานี
Boromarajonani College of Nursing, Udonthani
|


|
mysqli: Table './ulib2015/stat_globaluid' is marked as crashed and last (automatic?) repair failed
select id from stat_globaluid where statuid='20260418091148_4416'
mysqli: Table './ulib2015/stat_globaluid' is marked as crashed and last (automatic?) repair failed
DELETE FROM stat_globaluid
WHERE id NOT IN (
SELECT id
FROM (
SELECT id
FROM stat_globaluid
ORDER BY id DESC
LIMIT 100
) foo
);
mysqli: Table './ulib2015/stat_globaluid' is marked as crashed and last (automatic?) repair failed
insert into stat_globaluid set
statuid='20260418091148_4416',
dt='1776478308',
phpself='/ULIB/dublinfull.php',
agent='Mozilla/5.0 AppleWebKit/537.36 (KHTML, like Gecko; compatible; ClaudeBot/1.0; +claudebot@anthropic.com)',
yea='2026',
mon='4',
dat='18',
ip='216.73.216.142'
| LEADER 00566nam 2200193 a 4500 |
| 001 8425 |
| 003 ULIBM |
| 008 020910s2550 th m a000 0 tha d |
| 024 974-571-971-4
|
| 050 4 ^aHF ^bศ263ร 2550
|
| 245 ^a ^a1111 |
| 250 ^aพิมพ์ครั้งที่ 1.
|
| 300 ^a 406 หน้า
|
| 650 7 ^aระบบการสนับสนุนการตัดสินใจ--ระดับผู้ชำนาญการ.
|
| 710 2 ^aศรีสมรัก อินทุจันทร์ยง
|
| 945 ^p0^l0^i25050
|
| 945 ^p0^l0^i25051
|
| 945 ^p0^l0^i25052
|
| 945 ^p0^l0^i25053
|
| 945 ^p0^l0^i25054 |
| 999 ^aลิขิตลักษณ์
|
| คุณยังไม่ได้ล็อกอิน คุณสามารถมีกิจกรรมร่วมกับเว็บไซต์ได้ แต่ต้องล็อกอินก่อน :: |
|
| ลำดับที่ |
ประเภท |
เลขเรียก/บาร์โค้ด |
สถานที่ |
สถานะ |
| 1. |
 หนังสือภาษาไทย | HF ศ263ร 2550 Barcode: 25050 | หนังสือทั่วไป | On Shelf |
| 2. |
 หนังสือภาษาไทย | HF ศ263ร 2550 ฉ.2 Barcode: 25051 | หนังสือทั่วไป | On Shelf |
| 3. |
 หนังสือภาษาไทย | HF ศ263ร 2550 ฉ.3 Barcode: 25052 | หนังสือทั่วไป | On Shelf |
| 4. |
 หนังสือภาษาไทย | HF ศ263ร 2550 ฉ.4 Barcode: 25053 | หนังสือทั่วไป | On Shelf |
| 5. |
 หนังสือภาษาไทย | HF ศ263ร 2550 ฉ.5 Barcode: 25054 | หนังสือทั่วไป | On Shelf |
| [แสดง 5/5 รายการ] |
mysqli: Can't create/write to file '/var/tmp/#sql_59d_0.MAI' (Errcode: 2)
select * from index_db where titl like '%ระบบสารสนเทศเพื่อการจัดการ / ศรีสมรัก อินทุจันทร์ยง%' and mid<>'8425' order by rand() limit 3
mysqli: Can't create/write to file '/var/tmp/#sql_59d_0.MAI' (Errcode: 2)
select * from index_db where subj like '%ระบบการสนับสนุนการตัดสินใจ--ระดับผู้ชำนาญการ.%' and mid<>'8425' order by rand() limit 3
|
ยังไม่เคยถูกคอมเมนท์
|
| คอมเมนท์ทรัพยากรรายการนี้ |
|